000 00386nam a2200157Ia 4500
005 20250430042443.0
008 240331s9999 xx 000 0 und d
020 _a955920954X
082 _bWIC
_a891
100 _aWickramatunge,J.H
245 0 _aDusirithe awatharaya
260 _aColombo
_bGunasiri Printers & Publishers Pvt Ltd
300 _a55 p .,
650 _aStory
942 _cL
999 _c4868
_d4868